000 00457nam a2200181Ia 4500
001 22729
005 20260414150850.0
008 260414t2015||||xx |||||||||||||| ||spa||
041 _aESP
082 _a621.3883
_bW943
100 _aWien, Mathias
_eAUT
245 0 _aHigh efficiency video coding :
_bcoding tools and specification
260 _c2015
300 _a314 páginas :
_c24 cm.
650 _aTCA
654 _aCET
942 _cLIB
_dJUS
_fJUS
_2ddc
_n
999 _c22729
_d22729